| 000 | 00499 a2200169 4500 | ||
|---|---|---|---|
| 020 | _a9788427206809 | ||
| 020 | _a8427206801 | ||
| 041 | _aspa | ||
| 100 | 1 | 0 | _aBlyton, Enid |
| 245 | 1 | 0 | _aSegundo curso en Santa Clara / Enid Blyton ; traduccion de C. Peraire del Molino ; ilustraciones de Enrique Lorenzo. |
| 260 | _aBarcelona : RBA Molino, 2014. | ||
| 300 |
_a238 pages ; _c20 cm |
||
| 440 | _aSanta Clara, 4 | ||
| 700 | 1 | 0 | _aPeraire del Molino, C. |
| 700 | 1 | 0 | _aLorenzo, Enrique. |
| 942 | _cBK | ||
| 999 |
_c25754 _d25754 |
||